000 00367nam a22001457a 4500
003 OSt
005 20160727222339.0
008 160618b xxu||||| |||| 00| 0 eng d
040 _cTEST
100 _919
_aHealey, T
245 _aThe Missing Invitation
_bThe Missing Invitation
260 _aUSA
_b Readers digest
_c1994
300 _aThe Missing Invitation
942 _2ddc
_cBK
999 _c19
_d19